000
00389nam a22001697a 4500
003
MPLRDC
005
20220104143158.0
008
210129b ||||| |||| 00| 0 eng d
082
_a
524.961 HLYX
100
_a
不详
245
_a
正确用词
_c
260
_a
_b
合力有限公司
_c
300
_b
平
490
_a
UPSR考生必备丛书
650
_a
942
_c
BK
_o
524.961 HLYX
999
_c
37382
_d
37372